| 000 | 00516nam a2200205Ia 4500 | ||
|---|---|---|---|
| 999 |
_c13425 _d13425 |
||
| 003 | 0100 | ||
| 005 | 20170301093610.0 | ||
| 008 | 130303s9999 xx 000 0 und d | ||
| 020 | _a520025369 | ||
| 040 | _cARRUPELIB | ||
| 050 | _aBR1450.T46 1975 | ||
| 245 | _aThemes in the Christian history of central Africa | ||
| 260 | _aBerkely | ||
| 260 | _bUniversity of California Press | ||
| 300 | _aviii | ||
| 300 | _b 285 p. 25 cm. | ||
| 650 |
_aChristianity _zAfrica, Southern _929193 |
||
| 650 |
_aAfrica, Southern _xReligion _929194 |
||
| 700 |
_aRanger, T. O. and Weller, John ed _929195 |
||
| 942 | 0 | 0 |
_01 _2lcc _cMONOGRAPH |